000 00633nas a2200229 4500
001 BR9404603
003 BR-BrBNA
005 20231205093634.0
007 ta
008 230509b bl.|||p| |||| 00| 00por d
040 _aBR-BrBNA
_bpor
_cBiblioteca Nacional de Agricultura
041 _a(Pt)
072 _aN20
100 1 _aAnon.
245 1 _aFim da farra no banquete dos porcos
650 _aSUÍNO
650 _aComedouro
650 _aInstalacao Para Animal
773 0 _tGlobo Rural (Brazil)
_xISSN 0102-6178
_g(Mar 1986), v. 1(6) p. 39-41
_wBR9404603
909 _a202311
_bLúcia
_c55
_dLúcia Elande
942 _2AGRIS
_n0
_cANA
999 _c139604
_d139604